Starships - Nicki Minaj - All Lyrics - Statistics

General Stats
  • This quiz has been taken 793 times
  • The average score is 284 of 367
Answer Stats
Answer % Correct
a
99%
the
99%
The
99%
to
99%
me
96%
let
95%
star
95%
fly
94%
G,
94%
G-G-G
94%
Let's
94%
let's
94%
Let’s
94%
Starships
94%
Starships,
94%
on
93%
I
92%
touch
92%
and
91%
And
91%
go
91%
meant
91%
sky
91%
up
90%
up,
90%
were
90%
we're
90%
We're
90%
beach-each,
88%
do
88%
more,
88%
more
88%
this
88%
time
88%
get
87%
Get
87%
Hands
87%
one
87%
high
83%
So
83%
so
83%
say,
80%
say
80%
last
79%
like
79%
you
79%
They
78%
they
78%
floor,
77%
floor
77%
what
77%
dance
76%
Dancehall
76%
drink,
76%
it
76%
then
76%
can
75%
gonna
75%
'cause
74%
I'm
73%
I'ma
73%
can't
72%
Can't
72%
Can’t
72%
Have
72%
hear
70%
love
70%
my
70%
My
70%
want
70%
want,
70%
am
69%
bitches
69%
give
69%
in
69%
it's
69%
is
68%
Is
68%
motherfucka
67%
stop
67%
Bad
66%
come
66%
hard
66%
here
66%
than
66%
your
66%
higher
65%
that
63%
who
63%
by
62%
chance
62%
If
61%
if
61%
two,
61%
two
61%
money
60%
money,
60%
three?
59%
all
58%
fuck
58%
no
58%
own
57%
little
56%
Twinkle,
56%
twinkle
56%
stand
54%
zone
53%
zone-one,
53%
'til
52%
blow
51%
Nicki
49%
call
48%
clink,
47%
life,
47%
month,
47%
rent
47%
ain't
45%
don't
45%
Light
45%
yes,
45%
good
44%
name
44%
But
43%
hoopty-hoop
43%
Leave
43%
owe
43%
Patrón-on,
42%
Bud
41%
there's
41%
Now
40%
tip
40%
payin'
39%
wave
39%
shits
37%
sight
37%
end
36%
found
36%
Onika,
36%
Jump
33%
everybody
32%
spend
32%
payday
20%
hoopty
19%
"Ray,
19%
ray,
19%
ray”
19%
today's
15%
No matching quizzes found
Score Distribution
Percent of People with Each Score
Percentile by Number Answered
Your Score History
You have not taken this quiz